[Event "GER-chT U16"]
[Site "Darmstadt"]
[Date "2022.12.28"]
[Round "3"]
[White "Yin, Haode"]
[Black "Reichmann, Felix"]
[Result "1-0"]
[WhiteElo "1931"]
[BlackElo "1813"]
[PlyCount "85"]
[EventDate "2022.12.26"]
[EventType "team-swiss"]
[EventRounds "7"]
[EventCountry "GER"]
[SourceTitle "CBM 212 Extra"]
[Source "ChessBase"]
[SourceDate "2023.03.31"]
[SourceVersion "1"]
[SourceVersionDate "2023.03.31"]
[SourceQuality "1"]
[WhiteTeam "Paderborn Akademie"]
[BlackTeam "Berlin Nord Ost"]
[WhiteTeamCountry "GER"]
[BlackTeamCountry "GER"]

1. c4 c5 2. Nf3 Nf6 3. d4 cxd4 4. Nxd4 Nc6 5. Nc3 g6 6. e4 Bg7 7. Nc2 d6 8. Be2 Be6 9. Rb1 Rc8 10. 0-0 0-0 11. Qe1 Nd7 12. Be3 Nc5 13. b4 Bxc3 14. Qxc3 Nxe4 15. Qb2 f6 16. Nd4 Qd7 17. Bh6 Rf7 18. f3 Ng5 19. h4 Nxd4 20. Qxd4 Bf5 21. hxg5 Bxb1 22. Rxb1 f5 23. Rd1 Qe6 24. Bf1 Qe5 25. Qxe5 dxe5 26. c5 e6 27. Bc4 Re7 28. Rd6 Kf7 29. Bb5 Rb8 30. a4 a6 31. Bc4 Ree8 32. Kf2 Rbc8 33. Rb6 Re7 34. c6 Rxc6 35. Rxc6 bxc6 36. Bxa6 Ra7 37. b5 cxb5 38. axb5 Ra8 39. Ke3 Rg8 40. b6 Ke7 41. b7 Kd6 42. Bg7 Rd8 43. f4 1-0

[Event "GER-chT U14"]
[Site "Willingen"]
[Date "2021.06.24"]
[Round "2.4"]
[White "Reichmann, Felix"]
[Black "Yin, Haode"]
[Result "1-0"]
[WhiteElo "1780"]
[BlackElo "1759"]
[PlyCount "85"]
[EventDate "2021.06.23"]
[EventType "team-swiss"]
[EventRounds "7"]
[EventCountry "GER"]
[SourceTitle "EXT 2022"]
[Source "ChessBase"]
[SourceDate "2021.10.06"]
[SourceVersion "1"]
[SourceVersionDate "2021.10.06"]
[SourceQuality "1"]
[WhiteTeam "Berlin Nord Ost"]
[BlackTeam "Paderborn"]
[WhiteTeamCountry "GER"]
[BlackTeamCountry "GER"]

1. c4 c5 2. g3 Nf6 3. Bg2 d5 4. Nf3 Nc6 5. 0-0 d4 6. d3 e5 7. Nh4 Bd6 8. e4 0-0 9. a3 a6 10. Qe1 b5 11. Nd2 Na5 12. b3 Bd7 13. h3 Rb8 14. Nf5 Bxf5 15. exf5 Qc7 16. Qd1 Rfe8 17. g4 Nd7 18. g5 Nf8 19. Bd5 Qd7 20. Qg4 bxc4 21. bxc4 Nb3 22. Rb1 Nxd2 23. Bxd2 Rxb1 24. Rxb1 Rb8 25. Rxb8 Bxb8 26. Kh1 Bc7 27. g6 hxg6 28. fxg6 Qxg4 29. Bxf7+ Kh8 30. hxg4 Nd7 31. Kg2 Nb8 32. Bd5 Nd7 33. Be6 Nf6 34. Kf3 Ng8 35. Bxg8 Kxg8 36. Bg5 Kf8 37. Ke4 Ke8 38. Kd5 Kd7 39. a4 Bd6 40. Bh4 Kc7 41. Bg3 Bf8 42. a5 Kd7 43. Bxe5 1-0

[Event "GER-chT U14"]
[Site "Magdeburg"]
[Date "2019.12.27"]
[Round "2.3"]
[White "Schubert, Nikita"]
[Black "Yin, Haode"]
[Result "1-0"]
[WhiteElo "1914"]
[BlackElo "1747"]
[PlyCount "87"]
[EventDate "2019.12.27"]
[EventType "team-swiss"]
[EventRounds "7"]
[EventCountry "GER"]
[SourceTitle "CBM 194 Extra"]
[Source "ChessBase"]
[SourceDate "2020.03.31"]
[SourceVersion "1"]
[SourceVersionDate "2020.03.31"]
[SourceQuality "1"]
[WhiteTeam "Gera"]
[BlackTeam "Paderborn"]
[WhiteTeamCountry "GER"]
[BlackTeamCountry "GER"]

1. d4 Nf6 2. c4 e6 3. Nf3 d5 4. g3 dxc4 5. Bg2 Bb4+ 6. Nc3 0-0 7. 0-0 Nc6 8. a3 Be7 9. e3 a6 10. Nd2 Na5 11. Qe2 c5 12. dxc5 Nb3 13. Nxb3 cxb3 14. Qc4 Qc7 15. Qxb3 Bxc5 16. Na4 Bd6 17. Bd2 Rb8 18. Rac1 Qe7 19. Nb6 Bc5 20. Bc3 Nd7 21. Nxd7 Bxd7 22. Be5 Bb5 23. Rfd1 Rbc8 24. a4 Bc6 25. Bxc6 Rxc6 26. Bd4 b6 27. Qd3 Qb7 28. Qe4 Qc7 29. b4 f5 30. Qg2 Rc8 31. bxc5 bxc5 32. Bc3 c4 33. Qf3 Qe7 34. e4 fxe4 35. Qxe4 Qg5 36. h4 Qe7 37. Qd4 Kf8 38. Rb1 Kg8 39. Rb6 R6c7 40. Qe5 Rf8 41. Rxa6 Rf5 42. Ra8+ Rf8 43. Rxf8+ Kxf8 44. Bb4 1-0

[Event "Dortmund Sparkassen op 47th"]
[Site "Dortmund"]
[Date "2019.07.15"]
[Round "3"]
[White "Yin, Haode"]
[Black "Perkampus, Laurin"]
[Result "1/2-1/2"]
[WhiteElo "1652"]
[BlackElo "2009"]
[PlyCount "79"]
[EventDate "2019.07.13"]
[EventType "swiss"]
[EventRounds "9"]
[EventCountry "GER"]
[SourceTitle "EXT 2020"]
[Source "ChessBase"]
[SourceDate "2019.10.17"]
[SourceVersion "1"]
[SourceVersionDate "2019.10.17"]
[SourceQuality "1"]

1. d4 Nf6 2. Nf3 g6 3. g3 Bg7 4. Bg2 0-0 5. 0-0 d5 6. c4 dxc4 7. Na3 Nc6 8. Nxc4 Be6 9. Nce5 Bd5 10. Nxc6 Bxc6 11. Nh4 Bxg2 12. Nxg2 Ne4 13. e3 c5 14. Qc2 Ng5 15. dxc5 Nf3+ 16. Kh1 Qd5 17. Nf4 Qc6 18. e4 e5 19. Nd5 Qd7 20. Kg2 Nd4 21. Qd3 f5 22. f3 fxe4 23. Qxe4 Rad8 24. Nc3 Rf5 25. Be3 Qf7 26. Rad1 Rf8 27. f4 Ne6 28. Nd5 Ng5 29. Qc4 Ne6 30. b3 exf4 31. Nxf4 Nxf4+ 32. Rxf4 Rxf4 33. Bxf4 Qxc4 34. bxc4 Rc8 35. Rd7 Rxc5 36. Rxb7 Rxc4 37. Rxa7 Bd4 38. Ra8+ Kg7 39. Kf3 Rc2 40. g4 1/2-1/2

[Event "GER-chT U14"]
[Site "Magdeburg"]
[Date "2018.12.27"]
[Round "1.2"]
[White "Mueller, Magnus"]
[Black "Yin, Haode"]
[Result "1-0"]
[WhiteElo "1830"]
[BlackElo "1696"]
[PlyCount "75"]
[EventDate "2018.12.27"]
[EventType "team-swiss"]
[EventRounds "7"]
[EventCountry "GER"]
[SourceTitle "CBM 188 Extra"]
[Source "ChessBase"]
[SourceDate "2019.02.26"]
[SourceVersion "1"]
[SourceVersionDate "2019.02.26"]
[SourceQuality "1"]
[WhiteTeam "Gera"]
[BlackTeam "Paderborn"]
[WhiteTeamCountry "GER"]
[BlackTeamCountry "GER"]

1. d4 Nf6 2. Nf3 g6 3. Nc3 Bg7 4. e4 d6 5. Be3 0-0 6. Qd2 Nbd7 7. h3 e5 8. dxe5 Nxe5 9. Nd4 d5 10. f4 c5 11. Nb3 Nc6 12. exd5 Nb4 13. 0-0-0 b6 14. g4 Bb7 15. Bg2 c4 16. Na1 Re8 17. Rhe1 Qd7 18. a3 Na6 19. Bf3 Rad8 20. g5 Nh5 21. Bg4 Qe7 22. Bxb6 Qd6 23. Bxd8 Rxd8 24. Bxh5 gxh5 25. f5 Rb8 26. f6 Bf8 27. Re4 Nc7 28. Rxc4 Bxd5 29. Nxd5 Qxa3 30. Nb3 Rxb3 31. cxb3 Qxb3 32. Qc2 Qxh3 33. Rxc7 Qg4 34. Ne7+ Kh8 35. Rc8 Qxg5+ 36. Qd2 Qxf6 37. Rxf8+ Kg7 38. Rg8# 1-0

[Event "GER-chT U10"]
[Site "Magdeburg"]
[Date "2013.12.28"]
[Round "5.4"]
[White "Grunert, Wilhelm"]
[Black "Yin, Haode"]
[Result "0-1"]
[WhiteElo "600"]
[BlackElo "600"]
[PlyCount "78"]
[EventDate "2013.12.27"]
[EventType "team-swiss"]
[EventRounds "5"]
[EventCountry "GER"]
[SourceTitle "EXT 2015"]
[Source "ChessBase"]
[SourceDate "2014.11.20"]
[SourceVersion "1"]
[SourceVersionDate "2014.11.20"]
[SourceQuality "1"]
[WhiteTeam "Muenchen Suedost"]
[BlackTeam "Paderborn II"]
[WhiteTeamCountry "GER"]
[BlackTeamCountry "GER"]

1. d4 d5 2. Nc3 Bf5 3. Bf4 a6 4. Nf3 Nc6 5. g3 Nb4 6. Bg2 Nxc2+ 7. Kf1 Nxa1 8. Qxa1 g6 9. Ng5 Nf6 10. Be5 Bg7 11. Bxf6 Bxf6 12. Qc1 e6 13. Bf3 Bxg5 14. e3 Bd3+ 15. Ke1 0-0 16. Qd1 Bf5 17. g4 Be4 18. Bxe4 dxe4 19. Nxe4 b6 20. f4 Bh4+ 21. Ng3 c5 22. Rf1 cxd4 23. exd4 Rc8 24. f5 exf5 25. gxf5 b5 26. fxg6 fxg6 27. Rxf8+ Kxf8 28. Qf3+ Qf6 29. Qg4 Rc1+ 30. Kd2 Qg5+ 31. Kd3 Qxg4 32. Ne2 Rd1+ 33. Ke3 Re1 34. Kd2 Qxe2+ 35. Kc3 Qc4+ 36. Kd2 Re8 37. Kd1 Qe2+ 38. Kc1 Qf2 39. b3 Re1# 0-1